Statistics for Star Wars characters

Click here to take the quiz!

General Stats

  • This quiz has been taken 7 times
  • The average score is 21 of 39

Answer Stats

Hint Character % Correct
Smuggler with his own movieHan Solo
100%
The above's wookie friendChewbacca
100%
Yellow protocol droidC-3PO
86%
Small green jediYoda
86%
Buisnessman from Cloud CityLando Calrissian
86%
Blue and white astromech droidR2-D2
86%
The chosen one's masterObi-Wan Kenobi
86%
Bald jedi with a purple lightsabreMace Windu
86%
The above's sonLuke Skywalker
86%
The chosen oneAnakin Skywalker
86%
Friendly gunganJar Jar Binks
86%
Leader of the RepublicSheev Palpatine
71%
Princess of AlderanLeia Organa
71%
Soldiers with terrible aimStormtroopers
71%
Han shot him firstGreedo
71%
Luke's uncleOwen Lars
71%
Horned sithDarth Maul
71%
Leader of the SeperatistCount Dooku
57%
Queen of NabooPadme Amidala
57%
Cloaked scavengersJawas
57%
Luke's auntBeru Lars
57%
The above's sonBoba Fett
57%
The above's daughterJyn Erso
57%
Cloned soldiersClonetroopers
43%
Was beheaded by the aboveJango Fett
43%
Adopted the aboveBail Organa
43%
It's a trap!Admiral Ackbar
43%
Was the director of the Death Star's constructionDirector Krennic
43%
Four-armed cyborgGeneral Grievous
29%
Green jedi with head tentaclesKit Fisto
29%
Rebel captain that helped the aboveCassian Andor
29%
The above's apprenticeSavage Opress
29%
He discovered the chosen oneQui-Gonn Jinn
14%
The chosen one's padawanAshoka Tano
14%
Bearded man with a giant gunBaze Malbus
14%
Blind man that fights with a stickChirrut Imwe
14%
Pilot that defectedBodhi Rook
0%
Scientist that worked on the Death StarGalin Erso
0%
Sith assasinAssaj Ventress
0%

Score Distribution

Percentile by Number Answered

Percent of People with Each Score

Your Score History

You have not taken this quiz